[Event "Championnat de France - Open C"]
[Site "PAU"]
[Date "2012.08.16"]
[Round "3.7"]
[White "Drochon, Francois"]
[Black "Sarzynski, Thuan"]
[Result "1/2-1/2"]
[WhiteElo "1719"]
[BlackElo "1663"]
[PlyCount "79"]

1. d4 d5 2. Nf3 Nc6 3. g3 g6 4. Bg2 Bg7 5. O-O Nf6 6. c3 O-O 7. Nbd2 Re8 8. Re1
Bf5 9. Nh4 Bd7 10. e4 dxe4 11. Nxe4 e6 12. Nc5 Rb8 13. Nxd7 Qxd7 14. Nf3 b5 15.
Bf4 Nd5 16. Ne5 Nxe5 17. dxe5 c6 18. Qf3 Qc7 19. Rac1 Nxf4 20. Qxf4 Red8 21.
Qe4 c5 22. Rc2 a5 23. f4 b4 24. cxb4 Rxb4 25. Qc6 Qxc6 26. Bxc6 Bf8 27. a4 h5
28. Bb5 Rdd4 29. h4 Be7 30. Kg2 Kg7 31. Re3 Rd1 32. b3 Rbd4 33. Bc4 Kh6 34. Kf3
Kg7 35. Rce2 Rf1+ 36. Rf2 Rfd1 37. Rfe2 Rf1+ 38. Rf2 Rfd1 39. Rfe2 Rf1+ 40. Rf2
1/2-1/2

[Event "Championnat de France - Open C"]
[Site "PAU"]
[Date "2012.08.16"]
[Round "3.8"]
[White "Billiar-Bourgy, Vincent"]
[Black "Hoerdt, Audran"]
[Result "1-0"]
[WhiteElo "1680"]
[BlackElo "1713"]
[PlyCount "39"]

1. e4 e6 2. d3 d5 3. Nd2 c5 4. Ngf3 Nc6 5. g3 Bd6 6. Bg2 Nge7 7. O-O O-O 8. Re1
Qc7 9. c3 f6 10. Nh4 Ne5 11. Ndf3 N5g6 12. Nxg6 Nxg6 13. exd5 exd5 14. Qb3 c4
15. Qb5 Qc5 16. Nd4 Ne7 17. Be3 Bg4 18. Qxc5 Bxc5 19. Nf5 Bxe3 20. Nxe7+ 1-0

[Event "Championnat de France - Open C"]
[Site "PAU"]
[Date "2012.08.16"]
[Round "3.9"]
[White "Danielian, Kevin"]
[Black "Le Gluher, Thomas"]
[Result "1-0"]
[WhiteElo "1711"]
[BlackElo "1646"]
[PlyCount "147"]

1. d4 d5 2. c4 e6 3. Nc3 Nf6 4. Bf4 Be7 5. e3 Nbd7 6. Nf3 O-O 7. Bd3 b6 8. O-O
Bb7 9. cxd5 Nxd5 10. Nxd5 Bxd5 11. Qc2 h6 12. Bxc7 Qc8 13. Bg3 Qb7 14. Qe2 a6
15. Rfc1 Rfc8 16. Rxc8+ Qxc8 17. Qd1 Qb7 18. Rc1 Rc8 19. Rxc8+ Qxc8 20. a3 Qb7
21. Qe2 b5 22. e4 Bb3 23. Nd2 Ba2 24. b4 Nb6 25. Qd1 Bc4 26. Qc2 Qc6 27. Bxc4
bxc4 28. f3 Bf6 29. Bf2 Qc7 30. Qc3 Bg5 31. Bg3 Bxd2 32. Qxd2 Qc6 33. Qc2 Kf8
34. Kf2 Ke7 35. Ke3 f6 36. h3 Kf7 37. Bf2 Ke7 38. g4 g6 39. h4 Kf7 40. f4 Nd7
41. h5 g5 42. fxg5 fxg5 43. e5 Nf8 44. a4 Ke7 45. a5 Ke8 46. Bg1 Ke7 47. Bh2
Ke8 48. Qf2 Nh7 49. Qf3 Qxf3+ 50. Kxf3 Kd7 51. Ke4 Kc6 52. Bg3 Nf8 53. Be1 Nd7
54. Bc3 Nf8 55. Bb2 Kb5 56. d5 Kxb4 57. dxe6 Nxe6 58. Kf5 Nc7 59. Kg6 c3 60.
Bc1 Kc4 61. Kxh6 Ne6 62. Kg6 Kd5 63. h6 Kxe5 64. h7 Nf8+ 65. Kg7 Nxh7 66. Kxh7
Kf6 67. Kh6 Kf7 68. Kxg5 Kg7 69. Kf5 Kf7 70. g5 Kg7 71. g6 c2 72. Kg5 Kg8 73.
Bb2 Kf8 74. Kf4 1-0

[Event "Championnat de France - Open C"]
[Site "PAU"]
[Date "2012.08.16"]
[Round "3.10"]
[White "Imbert, Gerard"]
[Black "Gillet, Noel"]
[Result "0-1"]
[WhiteElo "1666"]
[BlackElo "1711"]
[PlyCount "128"]

1. d4 Nf6 2. c4 g6 3. Nc3 Bg7 4. e4 d6 5. Be2 O-O 6. Bg5 h6 7. Be3 a5 8. h3 b6
9. Qd2 Kh7 10. g4 Bb7 11. d5 Nfd7 12. Nf3 Na6 13. Bd4 Bxd4 14. Qxd4 e5 15. Qd2
Ndc5 16. Bd1 Nb4 17. Bc2 a4 18. a3 Nxc2+ 19. Qxc2 Qf6 20. Ke2 c6 21. Rag1 Qf4
22. g5 h5 23. dxc6 Bxc6 24. Nd5 Qxe4+ 25. Qxe4 Nxe4 26. Nb4 Bb7 27. Nd5 Bxd5
28. cxd5 Rfc8 29. Rc1 Nc5 30. Nd2 Kg7 31. Rc3 Nb3 32. Nc4 Nd4+ 33. Ke3 Nf5+ 34.
Ke4 Rab8 35. Rhc1 Rc5 36. Ne3 Nxe3 37. fxe3 Kf8 38. h4 Rbc8 39. Rxc5 bxc5 40.
Kd3 Ke7 41. Rc4 Ra8 42. e4 Ra7 43. Kc2 Kd7 44. Rc3 Kc7 45. Rf3 Kb6 46. Rf6 Rd7
47. Kc3 Kb5 48. Kd3 c4+ 49. Kc3 Kc5 50. Rf1 Rb7 51. Rf2 Rb3+ 52. Kc2 Rb7 53.
Kc3 Rb3+ 54. Kc2 Re3 55. Rxf7 Rxe4 56. Rf6 Rxh4 57. Rxg6 Rg4 58. Rg8 h4 59. g6
h3 60. Rh8 Rxg6 61. Rxh3 Rg7 62. Kc3 Kxd5 63. Kb4 Rb7+ 64. Kxa4 Rxb2 0-1

[Event "Championnat de France - Open C"]
[Site "PAU"]
[Date "2012.08.17"]
[Round "4.1"]
[White "Rioland, Paul"]
[Black "Parroco, Pierre-Jean"]
[Result "1-0"]
[WhiteElo "1749"]
[BlackElo "1705"]
[PlyCount "83"]

1. e4 e5 2. Nf3 Nc6 3. d4 exd4 4. Nxd4 Nf6 5. Nxc6 bxc6 6. Bd3 Bb4+ 7. c3 Bc5
8. O-O d6 9. Bg5 h6 10. Bh4 O-O 11. Qf3 g5 12. e5 Bg4 13. Qxf6 Qxf6 14. exf6
gxh4 15. Nd2 d5 16. h3 Bh5 17. Nb3 Bb6 18. Nd4 Bxd4 19. cxd4 Bg6 20. Rfd1 Rab8
21. b3 Rfe8 22. Bxg6 fxg6 23. Re1 Kf7 24. Rxe8 Rxe8 25. Rc1 Re6 26. Rc5 Kxf6
27. Ra5 Re1+ 28. Kh2 Ke6 29. Rxa7 Kd6 30. g3 Rd1 31. Ra4 hxg3+ 32. Kxg3 Rd3+
33. f3 Rd2 34. h4 Ke6 35. Ra6 Kd6 36. Ra4 Ke6 37. a3 Rd3 38. Rb4 Kf5 39. a4 c5
40. dxc5 d4 41. a5 g5 42. hxg5 1-0

[Event "Championnat de France - Open C"]
[Site "PAU"]
[Date "2012.08.17"]
[Round "4.2"]
[White "Chandran, Franck"]
[Black "Laigneau, Arthur"]
[Result "1/2-1/2"]
[WhiteElo "1706"]
[BlackElo "1737"]
[PlyCount "72"]

1. d4 f5 2. Nf3 Nf6 3. c4 g6 4. g3 Bg7 5. Bg2 c6 6. O-O O-O 7. Nc3 d6 8. Rb1
Qe8 9. b4 e5 10. dxe5 dxe5 11. b5 Bd7 12. Ba3 Rf7 13. Ng5 e4 14. Nxf7 Qxf7 15.
bxc6 bxc6 16. Qb3 Be6 17. Qb7 Qxb7 18. Rxb7 Bxc4 19. Rfb1 Na6 20. Bf1 Ne8 21.
Rc1 Nac7 22. e3 Be6 23. Bc5 a6 24. Rb6 Bxc3 25. Rxc3 Nd5 26. Rxc6 Bd7 27. Bd4
Nxc3 28. Rxc3 Bb5 29. Bg2 Rb8 30. f3 Bd3 31. fxe4 Rb1+ 32. Kf2 Rb2+ 33. Kg1
Rb1+ 34. Kf2 Rb2+ 35. Kg1 Rb1+ 36. Kf2 Rb2+ 1/2-1/2

[Event "Championnat de France - Open C"]
[Site "PAU"]
[Date "2012.08.17"]
[Round "4.4"]
[White "Billiar-Bourgy, Vincent"]
[Black "Danielian, Kevin"]
[Result "1-0"]
[WhiteElo "1680"]
[BlackElo "1711"]
[PlyCount "49"]

1. e4 e5 2. Nf3 Nc6 3. Bb5 a6 4. Ba4 Nf6 5. O-O Be7 6. Qe2 b5 7. Bb3 O-O 8. c3
d6 9. d4 exd4 10. cxd4 Bg4 11. Rd1 d5 12. e5 Ne4 13. Nc3 Nxc3 14. bxc3 Na5 15.
Bc2 Nc4 16. Bf4 c6 17. h3 Bxf3 18. Qxf3 Bg5 19. Qh5 h6 20. Bxg5 Qxg5 21. Qxg5
hxg5 22. Bf5 Ra7 23. Re1 g6 24. Bg4 Re7 25. a4 1-0

[Event "Championnat de France - Open C"]
[Site "PAU"]
[Date "2012.08.17"]
[Round "4.5"]
[White "Gillet, Noel"]
[Black "Vernay, Gaspard"]
[Result "1/2-1/2"]
[WhiteElo "1711"]
[BlackElo "1628"]
[PlyCount "132"]

1. d4 d5 2. c4 c6 3. Nc3 Nf6 4. Nf3 dxc4 5. e4 b5 6. Be2 b4 7. Na4 Nxe4 8. Bxc4
e6 9. Ne5 Nd6 10. Qf3 Qf6 11. Be2 Bd7 12. Nc5 Qxf3 13. Bxf3 f6 14. Nexd7 Nxd7
15. Bxc6 Rd8 16. Nxe6 Rc8 17. d5 Ke7 18. O-O Ne5 19. Nd4 Kf7 20. f4 Nec4 21.
Bd7 Rc5 22. Re1 Be7 23. Nc6 Bd8 24. Be6+ Ke8 25. b3 Bb6 26. Kf1 Na3 27. Bxa3
bxa3 28. Rac1 Kf8 29. Rxc5 Bxc5 30. Rc1 Be3 31. Rc3 Bxf4 32. Nxa7 g6 33. Rc7
Bxh2 34. Nc6 Bf4 35. Rd7 h5 36. Na5 h4 37. Nc4 Ne4 38. Nxa3 f5 39. Rd8+ Kg7 40.
Rxh8 Kxh8 41. Nc4 Kg7 42. a4 Kf6 43. Bd7 Nd2+ 44. Nxd2 Bxd2 45. Be8 Bb4 46. Kf2
g5 47. Ke3 Ke5 48. Bf7 g4 49. Be6 f4+ 50. Ke2 g3 51. Kf3 Bd2 52. Kg4 Be1 53.
Bf7 Kf6 54. Be6 Ke5 55. Bf7 Kd6 56. Bh5 Bd2 57. Kxh4 Kxd5 58. Bf3+ Kd4 59. Kg4
Kc5 60. Kf5 Kb4 61. Bd5 Kc5 62. Ke4 f3 63. Kxf3 Kxd5 64. Kxg3 Kc5 65. Kg4 Kb4
66. Kf5 Kxb3 1/2-1/2

[Event "Championnat de France - Open C"]
[Site "PAU"]
[Date "2012.08.17"]
[Round "4.6"]
[White "Benezra, Amos"]
[Black "Le Bail, Stephane"]
[Result "1-0"]
[WhiteElo "1611"]
[BlackElo "1785"]
[PlyCount "119"]

1. d4 d5 2. c4 e6 3. Nc3 Nf6 4. cxd5 exd5 5. Bg5 Be7 6. e3 h6 7. Bh4 c6 8. Qc2
Be6 9. Bd3 Nbd7 10. Nge2 Nb6 11. O-O g5 12. Bg3 Bd6 13. a3 h5 14. Bf5 Qd7 15.
Bxe6 Qxe6 16. Bxd6 Qxd6 17. Ng3 Qd7 18. Qf5 Qxf5 19. Nxf5 Kd7 20. b3 Nc8 21. f3
Nd6 22. Nxd6 Kxd6 23. e4 Kd7 24. Rae1 Rae8 25. Re2 Re7 26. Rfe1 Rhe8 27. Kf2 h4
28. g3 hxg3+ 29. hxg3 Rh8 30. Kg2 dxe4 31. Nxe4 Nxe4 32. Rxe4 Rxe4 33. fxe4 g4
34. Rf1 Ke7 35. Rf4 Rg8 36. Kf2 Rg5 37. Ke3 Ke6 38. e5 Rg6 39. Ke4 a6 40. b4 b5
41. Rf6+ Rxf6 42. exf6 Kxf6 43. Kf4 Ke6 44. Kxg4 Kf6 45. Kf4 Ke6 46. Kg5 Ke7
47. Kf5 f6 48. Kg6 Ke6 49. g4 Ke7 50. Kg7 Ke6 51. Kf8 Kd5 52. Kf7 Kxd4 53. Kxf6
c5 54. bxc5 Kxc5 55. g5 b4 56. axb4+ Kxb4 57. g6 a5 58. g7 a4 59. g8=Q Ka3 60.
Qc4 1-0

[Event "Championnat de France - Open C"]
[Site "PAU"]
[Date "2012.08.17"]
[Round "4.7"]
[White "Tardi, Oscar"]
[Black "Thomas, Apolline"]
[Result "0-1"]
[WhiteElo "1780"]
[BlackElo "1699"]
[PlyCount "100"]

1. e4 e5 2. Nf3 Nc6 3. d4 exd4 4. Nxd4 Bb4+ 5. c3 Bc5 6. Be3 Bb6 7. Bc4 Nge7 8.
O-O O-O 9. Bg5 Kh8 10. Nxc6 bxc6 11. Nd2 f6 12. Bh4 d5 13. exd5 cxd5 14. Bb3 d4
15. cxd4 Qxd4 16. Nf3 Qxb2 17. Rb1 Qa3 18. Bg3 Nf5 19. Rc1 Nxg3 20. hxg3 Ba6
21. Re1 Rfd8 22. Qc2 Qd6 23. Kh2 Bd3 24. Qc3 Bxf2 25. Qxc7 Bxg3+ 26. Kh1 Qxc7
27. Rxc7 Bxc7 28. Re7 Bb6 29. Nh4 Re8 30. Rd7 Rad8 31. Rf7 Bf2 32. Nf3 Be4 33.
Ng5 Bg6 34. Kh2 Rf8 35. Rxf8+ Rxf8 36. Nh3 Bb6 37. a4 Bf7 38. Bc2 Rc8 39. Be4
Rc4 40. Bf3 Rxa4 41. g4 Ra2+ 42. Kh1 a5 43. g5 a4 44. gxf6 gxf6 45. Nf4 Rf2 46.
Bd5 Bxd5+ 47. Nxd5 Bd8 48. Kg1 Rd2 49. Nb6 Bxb6+ 50. Kh1 Bd8 0-1

[Event "Championnat de France - Open C"]
[Site "PAU"]
[Date "2012.08.17"]
[Round "4.8"]
[White "Leriche, Ines"]
[Black "Verwee, Johann"]
[Result "0-1"]
[WhiteElo "1696"]
[BlackElo "1749"]
[PlyCount "80"]

1. d4 Nf6 2. c4 g6 3. Nc3 Bg7 4. Nf3 O-O 5. Bg5 c5 6. d5 h6 7. Bh4 d6 8. e4 Qa5
9. Nd2 g5 10. Bg3 Ng4 11. Qc2 f5 12. exf5 Na6 13. a3 Bxf5 14. Nb3 Bxc2 15. Nxa5
Bd4 16. f3 Ne3 17. Bf2 Nxf1 18. Rxf1 Bxc3+ 19. bxc3 Bd3 20. Rg1 b6 21. Kd2 Bf5
22. Nc6 Kf7 23. Rae1 e5 24. Rd1 Rfc8 25. Ke3 Bd7 26. Rd2 Bxc6 27. dxc6 Rxc6 28.
Rgd1 Ke6 29. Bg3 Nc7 30. a4 a6 31. Rb2 b5 32. axb5 Rb6 33. Rbd2 axb5 34. cxb5
Ra3 35. Rd3 c4 36. R3d2 Rxc3+ 37. Ke2 Nxb5 38. Bf2 Ra6 39. Rd5 Rc2+ 40. Ke1 Nc3
0-1

[Event "Championnat de France - Open C"]
[Site "PAU"]
[Date "2012.08.17"]
[Round "4.9"]
[White "Gobbetto, Jean-Claude"]
[Black "Battistella, Valentin"]
[Result "1-0"]
[WhiteElo "1737"]
[BlackElo "1696"]
[PlyCount "97"]

1. d4 d5 2. Nf3 Bf5 3. e3 e6 4. Bd3 Bg6 5. O-O f6 6. b3 Nc6 7. Bb2 Bf7 8. a3 g5
9. c4 g4 10. Nh4 f5 11. cxd5 Qxd5 12. Bc4 Qd8 13. g3 Bg7 14. Qe2 Bf6 15. Ng2
Nge7 16. Nf4 Nd5 17. Nxd5 exd5 18. Bb5 h5 19. Qc2 Be6 20. Bxc6+ bxc6 21. Qxc6+
Kf7 22. Rc1 Rc8 23. Nc3 h4 24. Ne2 Bg5 25. Nf4 Rh6 26. Rc2 Qe7 27. Nxd5 Bxd5
28. Qxd5+ Kg7 29. Qe5+ Qxe5 30. dxe5 Kf7 31. Rac1 Bd8 32. Rc6 Re6 33. Rxe6 Kxe6
34. Rc6+ Kd5 35. Ra6 Rb8 36. b4 h3 37. Bd4 Be7 38. Ra5+ Ke4 39. Bxa7 Rd8 40.
Bd4 Kd3 41. Kf1 c5 42. Bxc5 Kc2 43. Bd4 Kd2 44. e6 Rc8 45. Bc5 Bf6 46. Ra7 Bb2
47. Rd7+ Kc2 48. e7 Bxa3 49. Rd8 1-0

[Event "Championnat de France - Open C"]
[Site "PAU"]
[Date "2012.08.17"]
[Round "4.10"]
[White "Luis, Henri"]
[Black "Dietrich, Thomas"]
[Result "0-1"]
[WhiteElo "1680"]
[BlackElo "1729"]
[PlyCount "88"]

1. b4 c6 2. c4 Nf6 3. Bb2 g6 4. e4 d6 5. d4 Nxe4 6. Qc2 Nf6 7. Bd3 Bg7 8. Nf3
d5 9. Nc3 Na6 10. a3 Nc7 11. O-O O-O 12. Rae1 dxc4 13. Bxc4 Bg4 14. Ne5 Be6 15.
Bd3 Ncd5 16. Nxd5 Nxd5 17. f4 Bh6 18. Nxg6 hxg6 19. Bxg6 Nxf4 20. Bh7+ Kh8 21.
d5+ f6 22. dxe6 Qd5 23. Be4 Qxe6 24. Bc1 Qd6 25. Bf5 Rg8 26. g3 Bg5 27. Rd1 Nd5
28. Qg2 Kg7 29. Bxg5 fxg5 30. Rfe1 e5 31. Qh3 Rh8 32. Qg4 Qe7 33. Be6 Qf6 34.
Bxd5 cxd5 35. Rxd5 Raf8 36. Qe2 e4 37. Rd7+ Kh6 38. Qg2 e3 39. Qe2 Qc6 40. Red1
Qf3 41. R7d6+ Kh5 42. Qxf3+ Rxf3 43. Kg2 Rf2+ 44. Kh3 g4# 0-1

[Event "Championnat de France - Open C"]
[Site "PAU"]
[Date "2012.08.18"]
[Round "5.1"]
[White "Rioland, Paul"]
[Black "Billiar-Bourgy, Vincent"]
[Result "0-1"]
[WhiteElo "1749"]
[BlackElo "1680"]
[PlyCount "82"]

1. e4 d6 2. d4 Nf6 3. Nc3 g6 4. f4 Bg7 5. Nf3 O-O 6. Be2 c5 7. d5 b5 8. e5 dxe5
9. fxe5 Ng4 10. O-O b4 11. Ne4 Nxe5 12. Be3 Nbd7 13. Kh1 Nxf3 14. Bxf3 Bxb2 15.
Rb1 Bg7 16. Nxc5 a5 17. Ne6 fxe6 18. dxe6 Ra6 19. exd7 Qxd7 20. Qe2 Rd6 21. Bg5
Ba6 22. Qxe7 Bxf1 23. Qxd7 Bxg2+ 24. Kxg2 Rxd7 25. Bc6 Rc7 26. Ba4 h6 27. Bb3+
Kh7 28. Be3 Rf5 29. Rd1 Re7 30. Rd3 h5 31. h3 Bh6 32. Bxh6 Kxh6 33. Rd2 Re3 34.
Ba4 Rfe5 35. Rd6 Ra3 36. Bb3 a4 37. Bf7 Rg5+ 38. Kh2 Rc3 39. Rd2 Rgc5 40. Rd4
Rxc2+ 41. Kh1 Rf2 0-1

[Event "Championnat de France - Open C"]
[Site "PAU"]
[Date "2012.08.18"]
[Round "5.2"]
[White "Boursier, Marianne"]
[Black "Benezra, Amos"]
[Result "0-1"]
[WhiteElo "1724"]
[BlackElo "1611"]
[PlyCount "82"]

1. c4 Nf6 2. g3 g6 3. Bg2 Bg7 4. Nc3 d6 5. d3 O-O 6. Bf4 e5 7. Bg5 h6 8. Bxf6
Bxf6 9. Qd2 Nc6 10. h4 Bg7 11. Rc1 f5 12. f4 Kh7 13. e4 exf4 14. gxf4 fxe4 15.
Bxe4 Bf5 16. Kd1 Qf6 17. Bxf5 Qxf5 18. Nge2 Nb4 19. Ne4 Bxb2 20. Rb1 Ba3 21.
Rxb4 Bxb4 22. Qxb4 d5 23. cxd5 Qxd5 24. Qe7+ Qf7 25. Qxf7+ Rxf7 26. h5 Raf8 27.
hxg6+ Kxg6 28. Rg1+ Kh7 29. Rh1 Rf5 30. Kd2 Ra5 31. N4c3 Rd8 32. Rb1 b6 33. Ke3
Rh5 34. d4 Re8+ 35. Kf3 Rh3+ 36. Kf2 Ree3 37. Rb2 Rxc3 38. Nxc3 Rh2+ 39. Ke3
Rxb2 40. Nd5 c5 41. Nf6+ Kg6 0-1

[Event "Championnat de France - Open C"]
[Site "PAU"]
[Date "2012.08.18"]
[Round "5.4"]
[White "Finkel, Julie"]
[Black "Gobbetto, Jean-Claude"]
[Result "1/2-1/2"]
[WhiteElo "1703"]
[BlackElo "1737"]
[PlyCount "163"]

1. e4 Nc6 2. d4 d5 3. e5 Bf5 4. c3 e6 5. Be2 Be7 6. f4 f6 7. Nf3 h6 8. O-O Bg4
9. Qc2 f5 10. Be3 g5 11. Qd2 Bxf3 12. Rxf3 g4 13. Rf1 h5 14. Qe1 Bh4 15. g3 Be7
16. Nd2 h4 17. Rf2 Qd7 18. Rc1 O-O-O 19. c4 hxg3 20. hxg3 Bb4 21. Rh2 Rxh2 22.
Kxh2 Nge7 23. c5 Rh8+ 24. Kg2 Qe8 25. Qg1 Qh5 26. Nf1 Qh3+ 27. Kf2 Kd7 28. a3
Ba5 29. b4 Nxb4 30. axb4 Bxb4 31. Rb1 Nc6 32. Qg2 a5 33. Bb5 Bc3 34. Kg1 Qxg2+
35. Kxg2 Ra8 36. Ba4 Rb8 37. Nd2 Kc8 38. Bxc6 bxc6 39. Rxb8+ Kxb8 40. Nb1 Bb2
41. Bd2 Bxd4 42. Bxa5 Bxc5 43. Kf1 Bb6 44. Bd2 Kb7 45. Ke2 Ka6 46. Na3 Bc5 47.
Nc2 Kb5 48. Kd3 Bf2 49. Be3 Bxg3 50. Nd4+ Ka6 51. Nxe6 Kb7 52. Nd8+ Kc8 53.
Nxc6 Kd7 54. Nd4 Be1 55. Nxf5 Ke6 56. Nd4+ Kf7 57. f5 c5 58. Ne2 d4 59. Bg1 g3
60. Nxd4 cxd4 61. Bxd4 g2 62. Ke2 Bc3 63. e6+ Ke7 64. Bc5+ Kf6 65. Kf2 Ba5 66.
e7 Kf7 67. Kxg2 Bc3 68. Kf3 Bf6 69. Kf4 Bxe7 70. Bxe7 Kxe7 71. Ke5 Kf7 72. f6
Kf8 73. Kf5 Ke8 74. Ke4 Kf8 75. Ke5 Kf7 76. Kf5 Kf8 77. Ke6 Ke8 78. Ke5 Kf7 79.
Kf5 Kf8 80. Kg6 Kg8 81. f7+ Kf8 82. Kf6 1/2-1/2

[Event "Championnat de France - Open C"]
[Site "PAU"]
[Date "2012.08.18"]
[Round "5.5"]
[White "Laigneau, Arthur"]
[Black "Goulesque, Camille"]
[Result "0-1"]
[WhiteElo "1737"]
[BlackElo "1703"]
[PlyCount "64"]

1. e4 c5 2. Nf3 d6 3. d4 cxd4 4. Nxd4 Nf6 5. Nc3 a6 6. Be2 e5 7. Nf3 Be7 8. O-O
O-O 9. Be3 Qc7 10. Rc1 Be6 11. Bd3 h6 12. Qd2 Ng4 13. Rfe1 Nd7 14. h3 Nxe3 15.
Qxe3 Nb6 16. Ne2 Nc4 17. Bxc4 Qxc4 18. b3 Qb4 19. c3 Qa5 20. Rc2 f5 21. exf5
Bxf5 22. Rb2 Rac8 23. Rd1 Qc5 24. Qxc5 Rxc5 25. c4 b5 26. Nd2 Bd3 27. Nc1 bxc4
28. Nxd3 cxd3 29. Ne4 Rc2 30. Rbb1 d5 31. Nd2 e4 32. b4 Bg5 0-1

[Event "Championnat de France - Open C"]
[Site "PAU"]
[Date "2012.08.18"]
[Round "5.6"]
[White "Dietrich, Thomas"]
[Black "Chandran, Franck"]
[Result "1-0"]
[WhiteElo "1729"]
[BlackElo "1706"]
[PlyCount "89"]

1. d3 d5 2. e4 e5 3. Nd2 Nf6 4. Ngf3 Nc6 5. g3 Bg4 6. Bg2 Bc5 7. O-O Qd7 8.
exd5 Nxd5 9. Ne4 Bb6 10. c3 O-O-O 11. Qc2 f5 12. Ned2 f4 13. Nc4 fxg3 14. hxg3
Rde8 15. b4 Rhf8 16. Nh2 Bh3 17. a4 Bxg2 18. Kxg2 Qf7 19. a5 Ndxb4 20. cxb4
Qd5+ 21. Kg1 Nxb4 22. Nxb6+ axb6 23. Qc4 Qxc4 24. dxc4 bxa5 25. Rxa5 Nc6 26.
Ra8+ Nb8 27. Ng4 b6 28. Bb2 Kb7 29. Rfa1 Nc6 30. Rxe8 Rxe8 31. Re1 e4 32. f3 h5
33. Nf2 e3 34. Ne4 e2 35. Rxe2 Ne5 36. Nc5+ bxc5 37. Rxe5 Rf8 38. f4 h4 39. Kg2
hxg3 40. Kxg3 g6 41. Rxc5 Re8 42. Re5 Rxe5 43. Bxe5 c6 44. c5 Kc8 45. Kg4 1-0

[Event "Championnat de France - Open C"]
[Site "PAU"]
[Date "2012.08.18"]
[Round "5.7"]
[White "Thomas, Apolline"]
[Black "Jean, Robert"]
[Result "1/2-1/2"]
[WhiteElo "1699"]
[BlackElo "1721"]
[PlyCount "57"]

1. e4 c5 2. Nc3 e6 3. g3 d5 4. exd5 exd5 5. Bg2 Nf6 6. d3 d4 7. Ne4 Nxe4 8.
Bxe4 Nd7 9. Ne2 Nf6 10. Bg2 Bd6 11. O-O O-O 12. Bf4 Rb8 13. Qd2 b6 14. Bxd6
Qxd6 15. Nf4 Bb7 16. Rfe1 Bxg2 17. Nxg2 Rbe8 18. Rxe8 Rxe8 19. Re1 Qd7 20. a3
a5 21. Nf4 Rxe1+ 22. Qxe1 h6 23. Qe5 Qb5 24. b3 Qc6 25. Qe2 Qd6 26. Qe1 Qc6 27.
Qe2 Qd6 28. Qe1 Qc6 29. Qe2 1/2-1/2

[Event "Championnat de France - Open C"]
[Site "PAU"]
[Date "2012.08.18"]
[Round "5.8"]
[White "Drochon, Francois"]
[Black "Brebant, Eric"]
[Result "0-1"]
[WhiteElo "1719"]
[BlackElo "1681"]
[PlyCount "72"]

1. d4 d5 2. Nf3 c5 3. c4 Nf6 4. cxd5 Nxd5 5. e4 Nf6 6. Nc3 e6 7. Be2 a6 8. O-O
cxd4 9. Nxd4 Qc7 10. Be3 Nc6 11. Rc1 Bd7 12. f4 e5 13. Nxc6 Bxc6 14. Nd5 Qb8
15. Nb6 exf4 16. Nxa8 fxe3 17. Nb6 Bd6 18. Bf3 Bxh2+ 19. Kh1 O-O 20. Nd5 Nxd5
21. exd5 Bb5 22. Re1 Qf4 23. g4 Bg3 24. Kg2 Bxe1 25. Qxe1 Bd3 26. Rc3 Be4 27.
Rxe3 Bxf3+ 28. Rxf3 Qxg4+ 29. Rg3 Qd4 30. Qc3 Qxd5+ 31. Kh2 Qh5+ 32. Kg2 Qe2+
33. Kh3 Qh5+ 34. Kg2 Qe2+ 35. Kh3 Qe6+ 36. Kg2 Qc6+ 0-1

[Event "Championnat de France - Open C"]
[Site "PAU"]
[Date "2012.08.18"]
[Round "5.9"]
[White "Vernay, Gaspard"]
[Black "Wolfangel, Claude"]
[Result "1-0"]
[WhiteElo "1628"]
[BlackElo "1751"]
[PlyCount "91"]

1. d4 d5 2. c4 c6 3. Nc3 e6 4. e3 Nf6 5. Nf3 Nbd7 6. Bd3 dxc4 7. Bxc4 b5 8. Bd3
Bb7 9. O-O Nd5 10. a3 Be7 11. Bd2 O-O 12. Rc1 a5 13. Qc2 h6 14. Nxd5 exd5 15.
Bf5 Bd6 16. h3 Nb6 17. Bd3 Nc4 18. Bxc4 dxc4 19. e4 b4 20. axb4 axb4 21. Ra1
Qb6 22. Be3 c5 23. d5 Rfe8 24. Rxa8 Rxa8 25. e5 b3 26. Qd2 Bf8 27. Rd1 Qb4 28.
d6 Be4 29. Qxb4 cxb4 30. d7 Be7 31. Bc5 Bxc5 32. d8=Q+ Rxd8 33. Rxd8+ Bf8 34.
Nd2 Bf5 35. Nxc4 g6 36. Rb8 Kg7 37. Nd6 Be6 38. Rxb4 f6 39. Rb7+ Kg8 40. exf6
Bxd6 41. Rb6 Kf7 42. Rxd6 Kxf6 43. f4 h5 44. Kf2 Ke7 45. Rb6 Kf7 46. Ke3 1-0

[Event "Championnat de France - Open C"]
[Site "PAU"]
[Date "2012.08.18"]
[Round "5.10"]
[White "Parroco, Pierre-Jean"]
[Black "Banana, Adnane"]
[Result "0-1"]
[WhiteElo "1705"]
[BlackElo "1798"]
[PlyCount "78"]

1. e4 c5 2. Nc3 Nc6 3. g3 g6 4. Bg2 Bg7 5. d3 d6 6. Be3 e6 7. Qd2 Nd4 8. Nd1
Ne7 9. c3 Ndc6 10. Bh6 O-O 11. Bxg7 Kxg7 12. Ne3 h5 13. Ne2 e5 14. O-O b5 15.
f4 f6 16. h4 b4 17. Kh2 bxc3 18. bxc3 Bd7 19. Bh3 Rb8 20. Bxd7 Qxd7 21. f5 d5
22. Rad1 d4 23. cxd4 cxd4 24. Nc4 gxf5 25. Rf2 fxe4 26. dxe4 Qe6 27. Rc1 Rb4
28. Qd3 f5 29. Nd2 fxe4 30. Nxe4 Rxf2+ 31. Nxf2 Qxa2 32. Ne4 Qb3 33. Qd2 Qe3
34. Qxe3 dxe3 35. N4c3 Rb2 36. Rb1 Rxb1 37. Nxb1 Nd4 38. Nbc3 Nec6 39. Kg2 Nxe2
0-1

[Event "Championnat de France - Open C"]
[Site "PAU"]
[Date "2012.08.19"]
[Round "6.1"]
[White "Benezra, Amos"]
[Black "Billiar-Bourgy, Vincent"]
[Result "1-0"]
[WhiteElo "1611"]
[BlackElo "1680"]
[PlyCount "63"]

1. e4 d6 2. d4 Nf6 3. Nc3 g6 4. g3 Bg7 5. Bg2 O-O 6. Nge2 c6 7. a4 a5 8. h3 Qc7
9. O-O Nbd7 10. Be3 Rd8 11. Qd2 e5 12. Rad1 Re8 13. g4 Nb6 14. b3 Be6 15. Ng3
Red8 16. g5 Ne8 17. d5 Bd7 18. Rc1 f5 19. gxf6 Nxf6 20. Rfd1 h5 21. h4 Be8 22.
Kh1 Ng4 23. Bg5 Bf6 24. f3 Bxg5 25. hxg5 h4 26. Nf1 Bd7 27. Kg1 cxd5 28. fxg4
Bxg4 29. Re1 h3 30. Bh1 Qc5+ 31. Ne3 d4 32. Nxg4 1-0

[Event "Championnat de France - Open C"]
[Site "PAU"]
[Date "2012.08.19"]
[Round "6.2"]
[White "Goulesque, Camille"]
[Black "Dietrich, Thomas"]
[Result "0-1"]
[WhiteElo "1703"]
[BlackElo "1729"]
[PlyCount "66"]

1. e4 c6 2. Nc3 g6 3. g3 Bg7 4. Bg2 e5 5. d3 d6 6. f4 Nf6 7. Nf3 exf4 8. Bxf4
O-O 9. Qd2 Ng4 10. h3 Ne5 11. Nxe5 dxe5 12. Be3 f5 13. O-O-O Be6 14. Rdf1 Qa5
15. Kb1 f4 16. gxf4 exf4 17. Rxf4 Rxf4 18. Bxf4 Bxc3 19. Qxc3 Bxa2+ 20. Kc1
Qxc3 21. bxc3 Be6 22. Rf1 Nd7 23. Kd2 a5 24. Bd6 a4 25. Ba3 b5 26. e5 Nxe5 27.
Re1 Bxh3 28. Bxh3 Nf3+ 29. Kd1 Nxe1 30. Kxe1 Re8+ 31. Kf2 Rd8 32. Be6+ Kg7 33.
c4 Kf6 0-1

[Event "Championnat de France - Open C"]
[Site "PAU"]
[Date "2012.08.19"]
[Round "6.3"]
[White "Brebant, Eric"]
[Black "Vernay, Gaspard"]
[Result "0-1"]
[WhiteElo "1681"]
[BlackElo "1628"]
[PlyCount "70"]

1. e4 e6 2. d3 d5 3. Nd2 Nf6 4. Ngf3 Be7 5. g3 O-O 6. Bg2 Nbd7 7. O-O b6 8. e5
Ne8 9. Re1 c5 10. Nf1 Nc7 11. h4 Rb8 12. N1h2 Bb7 13. Ng4 a6 14. Bf4 Re8 15.
Qd2 b5 16. h5 b4 17. c3 a5 18. Ngh2 Ba6 19. Rab1 c4 20. d4 Nb6 21. g4 Nb5 22.
g5 Na4 23. Rbc1 bxc3 24. bxc3 Naxc3 25. g6 Ne4 26. gxf7+ Kxf7 27. Qe3 Kg8 28.
Nd2 Nxd2 29. Qg3 c3 30. Bh6 Bf8 31. Ng4 Kh8 32. Bf4 Rc8 33. h6 Nxd4 34. hxg7+
Bxg7 35. Bh6 Qe7 0-1

[Event "Championnat de France - Open C"]
[Site "PAU"]
[Date "2012.08.19"]
[Round "6.4"]
[White "Banana, Adnane"]
[Black "Boursier, Marianne"]
[Result "1/2-1/2"]
[WhiteElo "1798"]
[BlackElo "1724"]
[PlyCount "96"]

1. e4 c5 2. Nf3 Nc6 3. d4 cxd4 4. Nxd4 g6 5. c4 Nf6 6. Nc3 d6 7. Be2 Nxd4 8.
Qxd4 Bg7 9. Be3 O-O 10. Qd2 Be6 11. O-O Qa5 12. f3 Rfc8 13. b3 a6 14. Rac1 Nd7
15. Rfd1 Nc5 16. Nd5 Qxd2 17. Rxd2 Bxd5 18. cxd5 a5 19. Rdc2 Rc7 20. a3 Rac8
21. Kf1 Kf8 22. b4 axb4 23. axb4 Na6 24. Rxc7 Rxc7 25. Rxc7 Nxc7 26. Bd2 Bd4
27. Ke1 e6 28. dxe6 fxe6 29. Bc4 d5 30. Bd3 Ke7 31. Kd1 dxe4 32. Bxe4 Nd5 33.
Kc2 Kd6 34. Kd3 Bg1 35. h3 Bf2 36. Ke2 Bg3 37. Bh6 b6 38. Bd2 Nf4+ 39. Bxf4+
Bxf4 40. b5 Bg3 41. Bc6 h6 42. Ke3 g5 43. Ke4 Be5 44. Bd7 Bg3 45. Be8 Be5 46.
Bd7 Bg3 47. Be8 Be5 48. Bd7 Bg3 1/2-1/2